[Event "19th IBM tournament"]
[Site "Amsterdam NED"]
[Date "1979.07.11"]
[Round "1"]
[White "Donner, Jan"]
[Black "Sahovic, Dragutin"]
[WhiteElo "2465"]
[BlackElo "2520"]
[Result "1/2-1/2"]
[EventDate "1979.07.11"]
[PlyCount "49"]

1.d4 Nf6 2.c4 b6 3.Nc3 Bb7 4.Qc2 d5 5.cxd5 Nxd5 6.Nf3 e6 7.e4 Nxc3 8.bxc3 
Be7 9.Be3 Nd7 10.Rd1 Qc8 11.Be2 O-O 12.O-O Nf6 13.Bd3 c5 14.Qb1 cxd4 15.
cxd4 Ba6 16.Bg5 Bxd3 17.Qxd3 Qb7 18.d5 exd5 19.exd5 Rad8 20.Bxf6 Bxf6 21.
d6 Rd7 22.Qa3 Rfd8 23.Rd3 Qc6 24.Rfd1 Qc5 25.Qxc5 1/2-1/2

[Event "19th IBM tournament"]
[Site "Amsterdam NED"]
[Date "1979.07.11"]
[Round "1"]
[White "Hort, Vlastimil"]
[Black "Stean, Michael Francis"]
[WhiteElo "2600"]
[BlackElo "2540"]
[Result "1/2-1/2"]
[EventDate "1979.07.11"]
[PlyCount "49"]

1.f4 g6 2.g3 Bg7 3.Bg2 c5 4.e4 Nc6 5.Nh3 d5 6.Nc3 dxe4 7.Nxe4 Nf6 8.Nxf6+ 
Bxf6 9.Nf2 Bg7 10.O-O O-O 11.d3 Qc7 12.c3 b6 13.Bd2 Bb7 14.a3 Rad8 15.Qa4 
Na5 16.Bxb7 Qxb7 17.Rad1 Qd7 18.Qc2 Qc6 19.Ne4 Rd7 20.Be3 Rfd8 21.f5 gxf5 
22.Rxf5 Qe6 23.Rf3 Qb3 24.Qxb3 Nxb3 25.Nf2 1/2-1/2

[Event "19th IBM tournament"]
[Site "Amsterdam NED"]
[Date "1979.07.11"]
[Round "1"]
[White "Sax, Gyula"]
[Black "Lein, Anatoly"]
[WhiteElo "2590"]
[BlackElo "2535"]
[Result "1-0"]
[EventDate "1979.07.11"]
[PlyCount "83"]

1.e4 c6 2.c4 d5 3.cxd5 cxd5 4.exd5 Nf6 5.Nc3 Nxd5 6.Bc4 Nb6 7.Bb3 Nc6 8.
Nf3 e6 9.O-O Be7 10.d4 O-O 11.a3 Bf6 12.Be3 Nd5 13.Qd3 Nxc3 14.bxc3 b6 15.
Bc2 g6 16.Bh6 Re8 17.Rad1 Bb7 18.Ba4 Qe7 19.c4 Red8 20.d5 exd5 21.cxd5 Ne5
22.Qe4 a6 23.Rfe1 Nxf3+ 24.gxf3 Qxe4 25.fxe4 b5 26.Bb3 Be7 27.e5 Bxa3 28.
d6 Bf3 29.Rd4 Bc6 30.Rf4 Rf8 31.e6 Bxd6 32.Rxf7 Rxf7 33.exf7+ Kh8 34.Re6 
Bf8 35.Bxf8 Rxf8 36.Rxc6 a5 37.Rb6 a4 38.Bd5 Kg7 39.Rxb5 Rd8 40.Ra5 a3 41.
Ba2 Rd3 42.Ra8 1-0

[Event "19th IBM tournament"]
[Site "Amsterdam NED"]
[Date "1979.07.11"]
[Round "1"]
[White "Sosonko, Gennadi"]
[Black "Ree, Hans"]
[WhiteElo "2535"]
[BlackElo "2480"]
[Result "0-1"]
[EventDate "1979.07.11"]
[PlyCount "92"]

1.d4 Nf6 2.c4 g6 3.Nc3 d5 4.Nf3 Bg7 5.Qb3 dxc4 6.Qxc4 O-O 7.e4 Bg4 8.Ne5 
Be6 9.d5 Bc8 10.Be2 e6 11.Bf4 exd5 12.exd5 Ne8 13.O-O Nd6 14.Qd3 Bf5 15.
Qd2 Nd7 16.Nxd7 Bxd7 17.Rac1 Re8 18.b3 Bxc3 19.Qxc3 Rxe2 20.Qxc7 Nb5 21.
Qxb7 Rxa2 22.Be5 Re2 23.Ba1 Rb8 24.Qa6 Qb6 25.Qa4 Rbe8 26.Qh4 R2e4 27.Qh6 
f6 28.Rc4 Re1 29.g4 Rxf1+ 30.Kxf1 Qd6 31.Kg2 Qxd5+ 32.Kg3 Qg5 33.Qxg5 fxg5
34.h4 Re1 35.Bf6 Rg1+ 36.Kf3 gxh4 37.Bxh4 Rb1 38.b4 Be6 39.Rf4 Rc1 40.Be7 
Rc3+ 41.Kg2 Rc4 42.Rxc4 Bxc4 43.f4 Kf7 44.Bc5 Ke6 45.Kg3 a6 46.Kh4 Nc3 0-1

[Event "19th IBM tournament"]
[Site "Amsterdam NED"]
[Date "1979.07.12"]
[Round "2"]
[White "Lein, Anatoly"]
[Black "Farago, Ivan"]
[WhiteElo "2535"]
[BlackElo "2510"]
[Result "1/2-1/2"]
[EventDate "1979.07.11"]
[PlyCount "35"]

1.c4 Nf6 2.Nf3 e6 3.g3 d5 4.Bg2 Be7 5.O-O O-O 6.b3 c5 7.e3 Nc6 8.Bb2 a6 9.
Qe2 b5 10.d3 Bb7 11.Rd1 Qb6 12.Nbd2 Rad8 13.cxd5 Rxd5 14.d4 cxd4 15.Nxd4 
Rd7 16.Rac1 Rc8 17.Nxc6 Bxc6 18.Bxc6 1/2-1/2

[Event "19th IBM tournament"]
[Site "Amsterdam NED"]
[Date "1979.07.12"]
[Round "2"]
[White "Ree, Hans"]
[Black "Ligterink, Gert"]
[WhiteElo "2480"]
[BlackElo "2440"]
[Result "1/2-1/2"]
[EventDate "1979.07.11"]
[PlyCount "51"]

1.d4 Nf6 2.c4 e6 3.Nc3 Bb4 4.Qc2 c5 5.dxc5 O-O 6.a3 Bxc5 7.Nf3 Nc6 8.Bf4 
b6 9.e3 Bb7 10.Be2 Be7 11.Rd1 Rc8 12.O-O a6 13.Rd2 Na5 14.Ne5 d6 15.b4 Qc7
16.bxa5 dxe5 17.axb6 Qc6 18.Bf3 e4 19.Be2 Nd7 20.Qxe4 Nxb6 21.Qxc6 Rxc6 
22.Rb1 Ba8 23.c5 Rxc5 24.Rxb6 Rxc3 25.Rxa6 Rxa3 26.Rxa3 1/2-1/2

[Event "19th IBM tournament"]
[Site "Amsterdam NED"]
[Date "1979.07.12"]
[Round "2"]
[White "Sahovic, Dragutin"]
[Black "Smejkal, Jan"]
[WhiteElo "2520"]
[BlackElo "2560"]
[Result "0-1"]
[EventDate "1979.07.11"]
[PlyCount "52"]

1.e4 c5 2.Nf3 e6 3.d4 cxd4 4.Nxd4 a6 5.Bd3 Nf6 6.O-O Qc7 7.Qe2 d6 8.c4 g6 
9.b3 Bg7 10.Bb2 O-O 11.Nc3 b6 12.Rad1 Bb7 13.Rfe1 Nbd7 14.Bb1 Rad8 15.f3 
Rfe8 16.Qf2 Qb8 17.Bd3 Ne5 18.Bf1 d5 19.exd5 exd5 20.cxd5 Nxd5 21.Ne4 h6 
22.Ba1 f5 23.Nd2 b5 24.b4 Nxb4 25.N2b3 Qa7 26.Nxf5 Qxf2+ 0-1

[Event "19th IBM tournament"]
[Site "Amsterdam NED"]
[Date "1979.07.12"]
[Round "2"]
[White "Stean, Michael Francis"]
[Black "Sax, Gyula"]
[WhiteElo "2540"]
[BlackElo "2590"]
[Result "0-1"]
[EventDate "1979.07.11"]
[PlyCount "42"]

1.Nf3 Nc6 2.c4 e5 3.Nc3 f5 4.d4 e4 5.Bg5 Be7 6.Bxe7 Ncxe7 7.Nd2 Nf6 8.e3 
O-O 9.Be2 c6 10.c5 d5 11.cxd6 Qxd6 12.Nc4 Qc7 13.Qb3 Be6 14.Qa3 Bxc4 15.
Bxc4+ Kh8 16.O-O Ng6 17.Be2 f4 18.Rae1 Qd7 19.Qc5 f3 20.gxf3 Qh3 21.Nxe4 
Ng4 0-1

[Event "19th IBM tournament"]
[Site "Amsterdam NED"]
[Date "1979.07.12"]
[Round "2"]
[White "Torre, Eugenio"]
[Black "Donner, Jan"]
[WhiteElo "2520"]
[BlackElo "2465"]
[Result "1/2-1/2"]
[EventDate "1979.07.11"]
[PlyCount "34"]

1.Nf3 d5 2.d4 Nf6 3.c4 c6 4.Nc3 dxc4 5.a4 Bf5 6.e3 e6 7.Bxc4 Bb4 8.O-O 
Nbd7 9.h3 Bg6 10.Be2 a5 11.Nh4 O-O 12.Nxg6 hxg6 13.Qc2 Qe7 14.Rd1 e5 15.b3
e4 16.Bd2 Nb6 17.Bc4 Rfe8 1/2-1/2

[Event "19th IBM tournament"]
[Site "Amsterdam NED"]
[Date "1979.07.13"]
[Round "3"]
[White "Byrne, Robert"]
[Black "Ree, Hans"]
[WhiteElo "2535"]
[BlackElo "2480"]
[Result "1/2-1/2"]
[EventDate "1979.07.11"]
[PlyCount "55"]

1.e4 c5 2.Nf3 d6 3.d4 cxd4 4.Nxd4 Nf6 5.Nc3 a6 6.Be2 e6 7.O-O Be7 8.f4 O-O
9.Qe1 Nc6 10.Be3 Bd7 11.Qg3 b5 12.Bf3 Nxd4 13.Bxd4 Bc6 14.Rad1 Qc7 15.e5 
dxe5 16.fxe5 Nd7 17.Ne4 Bxe4 18.Bxe4 Rad8 19.c3 Bc5 20.Kh1 Bxd4 21.cxd4 f5
22.exf6 Qxg3 23.hxg3 Nxf6 24.Bf3 Rd6 25.Rfe1 Rfd8 26.Re5 Kf7 27.Rde1 Re8 
28.Rd1 1/2-1/2

[Event "19th IBM tournament"]
[Site "Amsterdam NED"]
[Date "1979.07.13"]
[Round "3"]
[White "Donner, Jan"]
[Black "Sosonko, Gennadi"]
[WhiteElo "2465"]
[BlackElo "2535"]
[Result "1/2-1/2"]
[EventDate "1979.07.11"]
[PlyCount "34"]

1.d4 Nf6 2.c4 e6 3.Nc3 Bb4 4.e3 c5 5.Bd3 Nc6 6.Nf3 Bxc3+ 7.bxc3 d6 8.e4 e5
9.d5 Ne7 10.Nd2 Qa5 11.Qb3 O-O 12.f3 Nh5 13.g3 Bh3 14.Nf1 f5 15.exf5 Bxf5 
16.Bxf5 Nxf5 17.Nd2 Nf6 1/2-1/2

[Event "19th IBM tournament"]
[Site "Amsterdam NED"]
[Date "1979.07.13"]
[Round "3"]
[White "Hort, Vlastimil"]
[Black "Sahovic, Dragutin"]
[WhiteElo "2600"]
[BlackElo "2520"]
[Result "1-0"]
[EventDate "1979.07.11"]
[PlyCount "75"]

1.c4 e5 2.Nc3 Nf6 3.g3 Nc6 4.Bg2 g6 5.Nf3 Bg7 6.d4 exd4 7.Nxd4 O-O 8.O-O 
Re8 9.Nc2 d6 10.b3 Bf5 11.Rb1 Qd7 12.Bb2 Bh3 13.Nd5 Bxg2 14.Kxg2 Nxd5 15.
cxd5 Bxb2 16.Rxb2 Ne7 17.Qd3 Nf5 18.e4 Ng7 19.Nd4 f5 20.exf5 Qf7 21.Ne6 
Nxf5 22.Re2 c5 23.Rfe1 Qd7 24.h4 Ng7 25.Kh2 b5 26.Re4 Rac8 27.Qe2 a6 28.
Qg4 Nxe6 29.Rxe6 Rxe6 30.Rxe6 Qf7 31.Kg2 Rf8 32.Qe2 Rd8 33.Qe4 Rd7 34.Qg4 
Kg7 35.h5 Qf5 36.Qxf5 gxf5 37.Kf3 c4 38.bxc4 1-0

[Event "19th IBM tournament"]
[Site "Amsterdam NED"]
[Date "1979.07.13"]
[Round "3"]
[White "Ligterink, Gert"]
[Black "Lein, Anatoly"]
[WhiteElo "2440"]
[BlackElo "2535"]
[Result "1/2-1/2"]
[EventDate "1979.07.11"]
[PlyCount "80"]

1.e4 c6 2.d4 d5 3.Nd2 dxe4 4.Nxe4 Nf6 5.Nxf6+ exf6 6.Bc4 Bd6 7.Qe2+ Be7 8.
Nf3 O-O 9.O-O Bd6 10.Re1 Nd7 11.Bd3 Nb6 12.c3 Bg4 13.h3 Bh5 14.g4 Bg6 15.
Bxg6 hxg6 16.c4 Bb4 17.Rd1 Re8 18.Qd3 Bf8 19.Bf4 Qd7 20.Re1 Rxe1+ 21.Rxe1 
Rd8 22.b3 Nc8 23.Rd1 g5 24.Bc1 Ne7 25.Qc2 Ng6 26.d5 c5 27.Re1 Bd6 28.Qe4 
b5 29.Be3 bxc4 30.Qxc4 Bf8 31.Rd1 Qd6 32.a3 Re8 33.Rd3 Rd8 34.Rd1 a6 35.
Kf1 Be7 36.Rd3 Bf8 37.Rd1 Rd7 38.Rd3 Rd8 39.Rd1 Kh8 40.Rd3 Kg8 1/2-1/2

[Event "19th IBM tournament"]
[Site "Amsterdam NED"]
[Date "1979.07.13"]
[Round "3"]
[White "Smejkal, Jan"]
[Black "Torre, Eugenio"]
[WhiteElo "2560"]
[BlackElo "2520"]
[Result "1-0"]
[EventDate "1979.07.11"]
[PlyCount "81"]

1.Nf3 Nf6 2.c4 g6 3.d4 Bg7 4.g3 O-O 5.Bg2 d6 6.O-O c6 7.Nc3 Bf5 8.Ne1 Qc8 
9.Qb3 Na6 10.e4 Be6 11.a4 Rb8 12.Nf3 Bh3 13.Re1 Bxg2 14.Kxg2 Nc7 15.h3 Nd7
16.Be3 Ne6 17.a5 c5 18.Nd5 Re8 19.Red1 Ra8 20.Qc2 Nb8 21.dxc5 dxc5 22.e5 
Nc6 23.Qe4 Qb8 24.Nf4 Ned4 25.Bxd4 Nxd4 26.Nxd4 cxd4 27.Nd3 Rd8 28.b4 Qc7 
29.Rdc1 Rac8 30.b5 f6 31.c5 a6 32.c6 bxc6 33.Rxc6 Qb7 34.exf6 exf6 35.Rac1
Kh8 36.Qf3 Rxc6 37.bxc6 Qc7 38.Rb1 Qxa5 39.Rb7 Rc8 40.Qe4 Qd8 41.Rd7 1-0

[Event "19th IBM tournament"]
[Site "Amsterdam NED"]
[Date "1979.07.15"]
[Round "4"]
[White "Byrne, Robert"]
[Black "Donner, Jan"]
[WhiteElo "2535"]
[BlackElo "2465"]
[Result "1/2-1/2"]
[EventDate "1979.07.11"]
[PlyCount "44"]

1.e4 d6 2.d4 Nf6 3.Nc3 g6 4.f4 Bg7 5.Nf3 O-O 6.Be3 c5 7.dxc5 Qa5 8.Bd3 Ng4
9.Bd2 Qxc5 10.Qe2 Nf6 11.Be3 Qa5 12.O-O Bg4 13.Nd1 Nc6 14.c3 e5 15.Nf2 
exf4 16.Bxf4 Ne5 17.Bxe5 Bxf3 18.Qxf3 Qxe5 19.Bc4 Rae8 20.Rae1 Qc5 21.Bb3 
Re7 22.Kh1 a5 1/2-1/2

[Event "19th IBM tournament"]
[Site "Amsterdam NED"]
[Date "1979.07.15"]
[Round "4"]
[White "Ree, Hans"]
[Black "Lein, Anatoly"]
[WhiteElo "2480"]
[BlackElo "2535"]
[Result "1/2-1/2"]
[EventDate "1979.07.11"]
[PlyCount "42"]

1.c4 e5 2.Nc3 Nf6 3.Nf3 Nc6 4.g3 Bb4 5.Nd5 Be7 6.d3 d6 7.Bg2 O-O 8.O-O Bg4
9.h3 Be6 10.e4 a5 11.Re1 Nd7 12.Be3 Re8 13.d4 exd4 14.Nxd4 Nxd4 15.Qxd4 
Bf8 16.Rad1 f6 17.f4 Bf7 18.Bf2 c6 19.Ne3 Qc7 20.Nf5 Re6 21.Qd2 a4 1/2-1/2

[Event "19th IBM tournament"]
[Site "Amsterdam NED"]
[Date "1979.07.15"]
[Round "4"]
[White "Sahovic, Dragutin"]
[Black "Sax, Gyula"]
[WhiteElo "2520"]
[BlackElo "2590"]
[Result "0-1"]
[EventDate "1979.07.11"]
[PlyCount "54"]

1.d4 Nf6 2.Nf3 g6 3.g3 Bg7 4.Bg2 O-O 5.O-O d6 6.Nc3 Nbd7 7.e4 e5 8.Re1 
exd4 9.Nxd4 Re8 10.h3 Nc5 11.Kh2 Bd7 12.Nb3 Na4 13.Nxa4 Bxa4 14.c3 Bc6 15.
f3 b6 16.Be3 d5 17.exd5 Bxd5 18.Bd4 Rxe1 19.Qxe1 c5 20.Bxf6 Qxf6 21.Rd1 
Bxf3 22.Bxf3 Qxf3 23.Rd7 Qf5 24.Qd2 Bh6 25.Qg2 Re8 26.Rxa7 Re1 27.Ra8+ Kg7
0-1

[Event "19th IBM tournament"]
[Site "Amsterdam NED"]
[Date "1979.07.15"]
[Round "4"]
[White "Sosonko, Gennadi"]
[Black "Smejkal, Jan"]
[WhiteElo "2535"]
[BlackElo "2560"]
[Result "1/2-1/2"]
[EventDate "1979.07.11"]
[PlyCount "33"]

1.d4 Nf6 2.c4 g6 3.Nc3 d5 4.Nf3 Bg7 5.Qb3 dxc4 6.Qxc4 O-O 7.e4 Bg4 8.Be3 
Nfd7 9.O-O-O Nb6 10.Qc5 e6 11.h3 Bxf3 12.gxf3 N8d7 13.Qa3 Qh4 14.Kb1 Bh6 
15.Bxh6 Qxh6 16.h4 Nf6 17.Nb5 1/2-1/2

[Event "19th IBM tournament"]
[Site "Amsterdam NED"]
[Date "1979.07.16"]
[Round "5"]
[White "Farago, Ivan"]
[Black "Sahovic, Dragutin"]
[WhiteElo "2510"]
[BlackElo "2520"]
[Result "1/2-1/2"]
[EventDate "1979.07.11"]
[PlyCount "76"]

1.d4 c6 2.c4 Na6 3.Nc3 Nc7 4.d5 d6 5.e4 g6 6.Nf3 Bg7 7.Be2 e5 8.O-O c5 9.
b4 cxb4 10.Qa4+ Kf8 11.Qxb4 Na6 12.Qa3 Nc5 13.Be3 b6 14.Na4 Nxa4 15.Qxa4 
Bh6 16.Bd2 Bxd2 17.Nxd2 Kg7 18.f4 exf4 19.Rxf4 Qe7 20.Raf1 Nh6 21.Qa3 Re8 
22.Qg3 Bd7 23.Rf6 Qe5 24.Rxd6 Qd4+ 25.Qf2 Qxd2 26.Rxd7 Rxe4 27.Bf3 Qxf2+ 
28.Rxf2 Rxc4 29.d6 Rac8 30.Rxa7 Rd8 31.Rd2 Nf5 32.d7 Rd4 33.Rxd4 Nxd4 34.
Bd5 Kf8 35.Rb7 b5 36.Kf2 Ke7 37.Ke3 Nf5+ 38.Kf4 Nd6 1/2-1/2

[Event "19th IBM tournament"]
[Site "Amsterdam NED"]
[Date "1979.07.16"]
[Round "5"]
[White "Lein, Anatoly"]
[Black "Stean, Michael Francis"]
[WhiteElo "2535"]
[BlackElo "2540"]
[Result "1-0"]
[EventDate "1979.07.11"]
[PlyCount "49"]

1.d4 Nf6 2.c4 e6 3.Nf3 b6 4.g3 Ba6 5.b3 Bb4+ 6.Bd2 Be7 7.Bg2 c6 8.Bg5 d5 
9.Nbd2 Nbd7 10.O-O O-O 11.Qc2 Rc8 12.e4 c5 13.exd5 exd5 14.Rad1 dxc4 15.
Nxc4 b5 16.Nce5 b4 17.Rfe1 cxd4 18.Nc6 d3 19.Qc1 Rxc6 20.Qxc6 Nb6 21.Ne5 
Nfd5 22.Bxe7 Nxe7 23.Qc1 Ng6 24.Nxd3 Bxd3 25.Qe3 1-0

[Event "19th IBM tournament"]
[Site "Amsterdam NED"]
[Date "1979.07.17"]
[Round "6"]
[White "Byrne, Robert"]
[Black "Hort, Vlastimil"]
[WhiteElo "2535"]
[BlackElo "2600"]
[Result "1/2-1/2"]
[EventDate "1979.07.11"]
[PlyCount "44"]

1.e4 c5 2.Nf3 d6 3.d4 cxd4 4.Nxd4 Nf6 5.Nc3 a6 6.Be2 e6 7.f4 Nc6 8.Be3 Bd7
9.O-O Be7 10.Qe1 O-O 11.Rd1 Qb8 12.Qg3 Rd8 13.Nf3 Be8 14.Bb6 Rc8 15.f5 Ne5
16.fxe6 fxe6 17.Qh3 Nxf3+ 18.Rxf3 Bf7 19.Bd3 Rc6 20.Bd4 e5 21.Nd5 Bd8 22.
Be3 Qc8 1/2-1/2

[Event "19th IBM tournament"]
[Site "Amsterdam NED"]
[Date "1979.07.17"]
[Round "6"]
[White "Ree, Hans"]
[Black "Stean, Michael Francis"]
[WhiteElo "2480"]
[BlackElo "2540"]
[Result "1-0"]
[EventDate "1979.07.11"]
[PlyCount "45"]

1.d4 Nf6 2.c4 e6 3.Nc3 Bb4 4.Qc2 O-O 5.a3 Bxc3+ 6.Qxc3 b6 7.Bg5 Bb7 8.e3 
c5 9.dxc5 bxc5 10.Nf3 h6 11.Bh4 g5 12.Bg3 Ne4 13.Qc2 Nxg3 14.hxg3 Qf6 15.
Be2 Nc6 16.O-O-O Rab8 17.Nh2 Rfd8 18.Ng4 Qg7 19.Nxh6+ Kf8 20.Nxf7 Qxf7 21.
Rh8+ Ke7 22.Rh7 Ne5 23.Bh5 1-0

[Event "19th IBM tournament"]
[Site "Amsterdam NED"]
[Date "1979.07.17"]
[Round "6"]
[White "Sahovic, Dragutin"]
[Black "Ligterink, Gert"]
[WhiteElo "2520"]
[BlackElo "2440"]
[Result "1-0"]
[EventDate "1979.07.11"]
[PlyCount "111"]

1.d4 Nf6 2.Nf3 e6 3.Bg5 c5 4.c3 b6 5.e3 Bb7 6.Nbd2 Be7 7.Bd3 cxd4 8.exd4 
d6 9.O-O Nbd7 10.Re1 O-O 11.Nf1 a6 12.a4 Qc7 13.Ng3 Rfe8 14.Nd2 Bc6 15.Nh5
Nxh5 16.Qxh5 Bxg5 17.Qxg5 Nf6 18.Nf1 b5 19.axb5 axb5 20.Ne3 Qb7 21.Qg3 Be4
22.Bf1 d5 23.f3 Bg6 24.Qd6 Ra4 25.b3 Rxa1 26.Rxa1 Ra8 27.Qc7 Qb8 28.Qxb8+ 
Rxb8 29.Bxb5 Kf8 30.Ba4 Ra8 31.Kf2 Nd7 32.Ke2 Nb6 33.Kd2 f6 34.Nc2 Bxc2 
35.Kxc2 e5 36.Kb2 exd4 37.cxd4 Rb8 38.Bb5 Rb7 39.Bd3 g5 40.Kc3 h5 41.Bf5 
Kf7 42.Re1 h4 43.Re6 Nc8 44.Ra6 Ne7 45.Be6+ Kg6 46.Ra5 Rb6 47.Bxd5 Nxd5+ 
48.Rxd5 Re6 49.b4 h3 50.gxh3 Re3+ 51.Kc4 Rxf3 52.b5 Rxh3 53.b6 Rxh2 54.b7 
Rh8 55.Kb5 g4 56.Rc5 1-0

[Event "19th IBM tournament"]
[Site "Amsterdam NED"]
[Date "1979.07.17"]
[Round "6"]
[White "Torre, Eugenio"]
[Black "Farago, Ivan"]
[WhiteElo "2520"]
[BlackElo "2510"]
[Result "1-0"]
[EventDate "1979.07.11"]
[PlyCount "87"]

1.e4 e6 2.d4 d5 3.Nd2 c5 4.exd5 exd5 5.Bb5+ Nc6 6.Ngf3 Bd6 7.dxc5 Bxc5 8.
O-O Ne7 9.Nb3 Bd6 10.Re1 O-O 11.Bg5 Bg4 12.Be2 h6 13.Bh4 Re8 14.c3 Qb6 15.
Bxe7 Rxe7 16.h3 Bh5 17.Qxd5 Rae8 18.Bc4 Ne5 19.Nxe5 Bxe5 20.Re3 Rd8 21.Qb5
Qc7 22.g3 Bd1 23.Qc5 Qxc5 24.Nxc5 Bf6 25.Ne4 Re5 26.Nxf6+ gxf6 27.Kf1 Kg7 
28.Ke1 Bf3 29.Be2 Rxe3 30.fxe3 Bg2 31.h4 Kg6 32.Rd1 Rxd1+ 33.Bxd1 Bd5 34.
b3 Kf5 35.c4 Bc6 36.Kf2 Ke4 37.Bh5 Kd3 38.Bxf7 Kc3 39.Ke2 a5 40.Bd5 Kb2 
41.Kd2 Kxa2 42.Kc3 f5 43.b4 axb4+ 44.Kxb4 1-0

[Event "19th IBM tournament"]
[Site "Amsterdam NED"]
[Date "1979.07.19"]
[Round "7"]
[White "Farago, Ivan"]
[Black "Sosonko, Gennadi"]
[WhiteElo "2510"]
[BlackElo "2535"]
[Result "0-1"]
[EventDate "1979.07.11"]
[PlyCount "98"]

1.d4 Nf6 2.c4 e6 3.Nc3 Bb4 4.e3 c5 5.Bd3 Nc6 6.Nf3 Bxc3+ 7.bxc3 d6 8.O-O 
e5 9.Nd2 O-O 10.d5 Ne7 11.f3 Ne8 12.e4 h6 13.Qc2 Ng6 14.g3 Bh3 15.Rf2 Qd7 
16.Ba3 a6 17.Kh1 b5 18.Rg1 f5 19.exf5 Bxf5 20.Ne4 bxc4 21.Bxc4 Nf6 22.Bd3 
Ne7 23.Rd1 Kh8 24.Kg1 Nxe4 25.fxe4 Bh3 26.Rdd2 Ng8 27.Rxf8 Rxf8 28.Rf2 
Rxf2 29.Kxf2 Nf6 30.Ke1 Bg4 31.Bc1 Bf3 32.Qb1 Kh7 33.Be3 Qh3 34.Qc2 Qg4 
35.Bxa6 Bxe4 36.Bd3 Qf3 37.Qe2 Qf5 38.Bxe4 Qxe4 39.c4 Qb1+ 40.Kf2 Ne4+ 41.
Kg2 Nc3 42.Qf3 Qxa2+ 43.Kh3 Qc2 44.Bd2 Nd1 45.Qf8 Qg6 46.Qf1 Nb2 47.Bc3 
Nd3 48.Ba5 h5 49.Bc7 Nf4+ 0-1

[Event "19th IBM tournament"]
[Site "Amsterdam NED"]
[Date "1979.07.19"]
[Round "7"]
[White "Lein, Anatoly"]
[Black "Sahovic, Dragutin"]
[WhiteElo "2535"]
[BlackElo "2520"]
[Result "1-0"]
[EventDate "1979.07.11"]
[PlyCount "113"]

1.d4 Nf6 2.c4 c5 3.d5 e6 4.Nc3 exd5 5.cxd5 d6 6.Nf3 g6 7.e4 Bg7 8.Be2 O-O 
9.O-O Re8 10.Nd2 a6 11.a4 Nbd7 12.a5 b5 13.axb6 Nxb6 14.f4 Qc7 15.Bf3 Rb8 
16.Kh1 c4 17.Ra2 Nfd7 18.Na4 Bb7 19.Nxb6 Nxb6 20.Nb1 f5 21.exf5 gxf5 22.
Nc3 Qc5 23.Na4 Nxa4 24.Rxa4 Qb5 25.Rg1 Kh8 26.Ra3 Rbc8 27.Qc2 Bxd5 28.Bxd5
Qxd5 29.Rxa6 Re6 30.h3 Rce8 31.Ra4 Bd4 32.Qd1 Qc5 33.Ra5 Bxg1 34.Rxc5 Bxc5
35.Bd2 Kg8 36.Qh5 Rf8 37.Qf3 Re4 38.g4 Rfe8 39.gxf5 Bd4 40.b3 c3 41.Bxc3 
Bxc3 42.Qxc3 Re3 43.Qc4+ Kf8 44.Kg2 Re2+ 45.Kg3 R8e3+ 46.Kh4 Rh2 47.f6 
Rhxh3+ 48.Kg4 Reg3+ 49.Kf5 Rh5+ 50.Ke6 Re3+ 51.Kxd6 Rhh3 52.Qc7 Rhg3 53.
Qxh7 Rd3+ 54.Ke6 Rge3+ 55.Kf5 Ke8 56.f7+ Ke7 57.Qg8 1-0

[Event "19th IBM tournament"]
[Site "Amsterdam NED"]
[Date "1979.07.19"]
[Round "7"]
[White "Sax, Gyula"]
[Black "Byrne, Robert"]
[WhiteElo "2590"]
[BlackElo "2535"]
[Result "1/2-1/2"]
[EventDate "1979.07.11"]
[PlyCount "70"]

1.e4 e5 2.Nf3 Nc6 3.d4 exd4 4.Nxd4 Nf6 5.Nxc6 bxc6 6.Qd4 d5 7.Nc3 Be7 8.
exd5 O-O 9.Bf4 cxd5 10.O-O-O c5 11.Qe5 Be6 12.Bd3 c4 13.Be2 Qa5 14.Qc7 
Qxc7 15.Bxc7 Bc5 16.Be5 Ne4 17.Nxe4 dxe4 18.Bd6 Rfc8 19.Bxc5 Rxc5 20.Rd4 
f5 21.f3 exf3 22.Bxf3 Re8 23.Re1 Kf8 24.Kd2 c3+ 25.bxc3 Bxa2 26.Ra1 Be6 
27.Rxa7 Re7 28.Rxe7 Kxe7 29.Kd3 Kf6 30.c4 Ke5 31.Bd5 Bxd5 32.Rxd5+ Rxd5+ 
33.cxd5 Kxd5 34.h4 g6 35.Ke3 h6 1/2-1/2

[Event "19th IBM tournament"]
[Site "Amsterdam NED"]
[Date "1979.07.19"]
[Round "7"]
[White "Smejkal, Jan"]
[Black "Ree, Hans"]
[WhiteElo "2560"]
[BlackElo "2480"]
[Result "1/2-1/2"]
[EventDate "1979.07.11"]
[PlyCount "36"]

1.c4 e5 2.Nc3 d6 3.g3 g6 4.d4 exd4 5.Qxd4 Nf6 6.Bg5 Bg7 7.Nd5 Nbd7 8.Qe3+ 
Kf8 9.Bh3 h6 10.Bxf6 Nxf6 11.Bxc8 Rxc8 12.Nf3 Nxd5 13.cxd5 c5 14.dxc6 Qa5+
15.Qd2 Qxd2+ 16.Kxd2 bxc6 17.Rab1 Ke7 18.Rhc1 Kd7 1/2-1/2

[Event "19th IBM tournament"]
[Site "Amsterdam NED"]
[Date "1979.07.20"]
[Round "8"]
[White "Donner, Jan"]
[Black "Sax, Gyula"]
[WhiteElo "2465"]
[BlackElo "2590"]
[Result "0-1"]
[EventDate "1979.07.11"]
[PlyCount "50"]

1.d4 Nf6 2.c4 g6 3.g3 Bg7 4.Bg2 O-O 5.Nf3 d6 6.O-O Nc6 7.d5 Na5 8.Nfd2 c5 
9.Na3 e6 10.Rb1 exd5 11.cxd5 a6 12.Nc2 Bd7 13.b3 Rc8 14.h3 Re8 15.Re1 c4 
16.bxc4 Nxc4 17.Rb4 Nb6 18.Rd4 Na4 19.Nb1 Qb6 20.Be3 Qb2 21.Nca3 Nc3 22.
Nxc3 Qxa3 23.Nb1 Qxa2 24.Bf4 Nh5 25.Rd2 Qa1 0-1

[Event "19th IBM tournament"]
[Site "Amsterdam NED"]
[Date "1979.07.21"]
[Round "9"]
[White "Farago, Ivan"]
[Black "Donner, Jan"]
[WhiteElo "2510"]
[BlackElo "2465"]
[Result "0-1"]
[EventDate "1979.07.11"]
[PlyCount "76"]

1.d4 d5 2.c4 c6 3.cxd5 cxd5 4.Nc3 Nf6 5.Bf4 Nc6 6.e3 e6 7.Bd3 Bd6 8.Bxd6 
Qxd6 9.f4 O-O 10.Nf3 Ne8 11.O-O f5 12.Bb5 Bd7 13.Ne5 Nf6 14.Rc1 Rfc8 15.
Bxc6 Bxc6 16.Rf2 Rc7 17.h3 Rac8 18.Rfc2 a6 19.Kh2 h6 20.Qd3 Qd8 21.a3 Be8 
22.b4 Qd6 23.Nb1 Ne4 24.Qb3 Kh7 25.Nc3 Nxc3 26.Rxc3 Qd8 27.R3c2 Rxc2 28.
Rxc2 Rc7 29.a4 Qc8 30.Rc5 b6 31.Rxc7 Qxc7 32.Qa3 Qc2 33.a5 bxa5 34.bxa5 
Bb5 35.Kg1 Qd1+ 36.Kf2 Qd2+ 37.Kg1 Qe1+ 38.Kh2 Qf2 0-1

[Event "19th IBM tournament"]
[Site "Amsterdam NED"]
[Date "1979.07.21"]
[Round "9"]
[White "Lein, Anatoly"]
[Black "Sosonko, Gennadi"]
[WhiteElo "2535"]
[BlackElo "2535"]
[Result "1/2-1/2"]
[EventDate "1979.07.11"]
[PlyCount "58"]

1.c4 c5 2.g3 g6 3.Bg2 Bg7 4.Nc3 Nc6 5.d3 Nf6 6.Bg5 d6 7.Qd2 h6 8.Bxf6 Bxf6
9.f4 Bd7 10.Nf3 a6 11.O-O Rb8 12.Rac1 b5 13.b3 Bg7 14.e3 O-O 15.h3 b4 16.
Ne2 e5 17.Kh2 Re8 18.fxe5 dxe5 19.Ne1 Ne7 20.Nc2 h5 21.Rcd1 Bh6 22.Qe1 Bf5
23.Qf2 Qa5 24.Nc1 Rbd8 25.Qe2 Qc7 26.e4 Be6 27.Ne3 Bxe3 28.Qxe3 Kg7 29.Rf2
f6 1/2-1/2

[Event "19th IBM tournament"]
[Site "Amsterdam NED"]
[Date "1979.07.21"]
[Round "9"]
[White "Ligterink, Gert"]
[Black "Byrne, Robert"]
[WhiteElo "2440"]
[BlackElo "2535"]
[Result "1/2-1/2"]
[EventDate "1979.07.11"]
[PlyCount "62"]

1.e4 e5 2.Nf3 Nc6 3.Bb5 a6 4.Ba4 Nf6 5.d4 exd4 6.O-O Be7 7.Re1 b5 8.e5 
Nxe5 9.Rxe5 d6 10.Re1 bxa4 11.Nxd4 Bd7 12.Qf3 O-O 13.Nc6 Bxc6 14.Qxc6 Re8 
15.Nc3 Qd7 16.Qxd7 Nxd7 17.Nxa4 Nf8 18.c4 Ne6 19.Be3 Bf6 20.Rad1 Nd4 21.
Bxd4 Bxd4 22.Rxe8+ Rxe8 23.Kf1 Re4 24.f3 Rf4 25.Ke2 Be5 26.b3 Rh4 27.h3 
Kf8 28.c5 Rh6 29.cxd6 Bxd6 30.Kd3 Re6 31.Rd2 Re1 1/2-1/2

[Event "19th IBM tournament"]
[Site "Amsterdam NED"]
[Date "1979.07.21"]
[Round "9"]
[White "Sax, Gyula"]
[Black "Smejkal, Jan"]
[WhiteElo "2590"]
[BlackElo "2560"]
[Result "1-0"]
[EventDate "1979.07.11"]
[PlyCount "73"]

1.e4 e5 2.Nf3 Nc6 3.Bb5 a6 4.Ba4 Nf6 5.d4 exd4 6.O-O Be7 7.Re1 b5 8.e5 
Nxe5 9.Rxe5 d6 10.Re1 bxa4 11.Nxd4 Bd7 12.Qf3 O-O 13.Nc6 Bxc6 14.Qxc6 Nd7 
15.Nc3 Bf6 16.Bd2 a3 17.b3 Bd4 18.Rad1 Ne5 19.Qa4 Qf6 20.Ne4 Qg6 21.Ng5 
Bb6 22.Qe4 h6 23.Nh3 Rae8 24.Bc3 Qxe4 25.Rxe4 f5 26.Ra4 Ng4 27.Ba5 Bc5 28.
b4 Ba7 29.Bxc7 Re2 30.Rf1 Rxc2 31.Bxd6 Rf6 32.Rxa6 Bb8 33.Ra8 Rxd6 34.
Rxb8+ Kh7 35.Nf4 Rxa2 36.h3 Nf6 37.Rc1 1-0

[Event "19th IBM tournament"]
[Site "Amsterdam NED"]
[Date "1979.07.21"]
[Round "9"]
[White "Stean, Michael Francis"]
[Black "Torre, Eugenio"]
[WhiteElo "2540"]
[BlackElo "2520"]
[Result "1/2-1/2"]
[EventDate "1979.07.11"]
[PlyCount "60"]

1.c4 g6 2.Nf3 Bg7 3.d4 Nf6 4.Nc3 d5 5.cxd5 Nxd5 6.e4 Nxc3 7.bxc3 c5 8.Bb5+
Bd7 9.Rb1 O-O 10.O-O Qc7 11.Be2 Bg4 12.Be3 Nd7 13.h3 Bxf3 14.Bxf3 Rab8 15.
Qa4 b6 16.Rfd1 Rfd8 17.g3 e5 18.d5 Nf6 19.c4 Ne8 20.Qc2 Nd6 21.Bg2 Re8 22.
a4 f5 23.Re1 Qf7 24.a5 Rf8 25.axb6 axb6 26.Rb3 Rb7 27.Reb1 Rfb8 28.Bd2 Qd7
29.Ra3 Ra7 30.Rba1 Rba8 1/2-1/2